Mécanique des fluides

Wedi'i Gadw mewn:
Manylion Llyfryddiaeth
Prif Awduron: Brun, Edmond A (Awdur), Martinot-Lagarde, André (Awdur), Mathieu, Jean (Awdur)
Fformat: Llyfr
Iaith:Ffrangeg
Cyhoeddwyd: París Dunod 1968
Pynciau:
Tagiau: Ychwanegu Tag
Dim Tagiau, Byddwch y cyntaf i dagio'r cofnod hwn!

MARC

LEADER 00000nam a2200000 a 4500
001 UCU3792
003 CL-VaPUC
008 960510e19680000FR |||||||||||||||||fre|d
082 0 4 |a 532  |b BRU  |2 21 
100 0 |a Brun, Edmond A  |e author  |9 360926 
700 0 |a Martinot-Lagarde, André  |e author  |9 360927 
700 0 |a Mathieu, Jean  |e author  |9 360928 
245 1 0 |a Mécanique des fluides 
300 |a v 
942 |c BK 
945 |d 19960510 00:00:00  |a paguirre 
260 |a París  |b Dunod  |c 1968 
500 |a v.2: Exemples practiques d'écoulements isovolumes. Mouvements avec potentiels des vitesses 
650 0 |a Estados de la Materia  |9 347141 
650 0 |a Mecánica de fluidos   |9 259464 
650 0 |a Hidrodinámica   |9 261326 
650 0 |a Líquidos  |9 260946 
650 0 |a Gases  |9 260945 
583 |a last modification  |c 19960510 00:00:00  |k Rodrigo Vera 
999 |c 247680  |d 247678 
952 |0 0  |1 0  |4 0  |6 532_000000000000000_BRU_1968  |7 0  |8 A  |9 263761  |a BIBING  |b BIBING  |d 2019-11-19  |h v.2  |i 1653598  |o 532 BRU 1968  |p 1653598  |r 2025-01-20  |w 2019-11-19  |y BK  |k ING